00824nam a2200217 i 4500001000400000100001400004245005900018260004300077300002800120490008700148505003300235650001200268651003800280700002500318830008700343020002100430040000800451041000800459008004100467856009800508bgj1 aWOOD, Tim10aThe Stuarts /cTim Wood ; illustrated by Peter Dennis. aLeicestershire, UK :bLadybird,c1994. a56 pp :bill. ;c21 cm.1 aA History of Britain / School of History. University of Bristol, series consultant aIncludes glossary and index. 9aStuarts 9aGreat BritainxHistoryy1600-17071 aDENNIS, Peter.eill. 0aA History of Britain (School of History. University of Bristol, series consultant) a0721433707 (pbk) cBPK0 aeng s uk f |000 0 eng  uhttp://koha.tu.koszalin.pl/cgi-bin/koha/opac-detail.pl?biblionumber=48007yKatalog online BPK